Reacao da beringela (Solanum melongena L.)a Verticillium albo-atrum Reinke e Berth. sob os aspectos de heranca, patogenicidade, controle fitohormonal e biologico [fungo] (Registro n. 37109)
[ somente texto ]
| 000 -LÍDER | |
|---|---|
| campo de controle de tamanho fixo | 01244nam a22003257a 4500 |
| 001 - NÚMERO DE CONTROLE | |
| campo de controle | BR8501239 |
| 003 - IDENTIFICADOR DO NÚMERO DE CONTROLE | |
| campo de controle | BR-BrBNA |
| 005 - DATA E HORÁRIO DA ÚLTIMA TRANSAÇÃO | |
| campo de controle | 20230928092108.0 |
| 007 - CAMPO FIXO DE DESCRIÇÃO FÍSICA--INFORMAÇÃO GERAL | |
| campo de controle de tamanho fixo | ta |
| 008 - CAMPO DE DADOS FIXOS--INFORMAÇÃO GERAL | |
| campo de controle de tamanho fixo | 230509b bl.||||| |||| 00| 0 por d |
| 040 ## - FONTE DA CATALOGAÇÃO | |
| Instituição da catalogação original | BR-BrBNA |
| Idioma da catalogação | por |
| Instituição que transcreveu o registro | Biblioteca Nacional de Agricultura |
| 041 ## - CÓDIGO DE IDIOMA | |
| Código do idioma do texto/trilha sonora ou título diferente | (Por) |
| 072 ## - CÓDIGO DE CATEGORIA DE ASSUNTO | |
| Código de Categoria de Assunto | H20 |
| Código do objeto | 1830 |
| -- | 4120 |
| 090 ## - NÚMERO DE CHAMADA LOCAL | |
| -- | 1830 BR8501239 |
| 100 1# - ENTRADA PRINCIPAL--NOME PESSOAL | |
| Nome pessoal | Melo, I.S. de |
| 110 1# - ENTRADA PRINCIPAL--NOME CORPORATIVO | |
| Nome corporativo ou nome da jurisdição | Escola Superior de Agricultura Luiz de Queiroz, Piracicaba, SP (Brasil) |
| Grau Universitário | Tese (Doutor em Agronomia) |
| 245 1# - TÍTULO | |
| Título | Reacao da beringela (Solanum melongena L.)a Verticillium albo-atrum Reinke e Berth. sob os aspectos de heranca, patogenicidade, controle fitohormonal e biologico [fungo] |
| 246 1# - FORMA VARIANTE DO TÍTULO | |
| Título/título abreviado | Response of the eggplant (Solanum melongena L.)to Verticillium alboatrum Reinke and Berth. as regards heredity, pathogenicity and phytohormonal and biological control [fungus] |
| 260 3# - PUBLICAÇÃO, DISTRIBUIÇÃO, ETC. | |
| Local de publicação, distribuição, etc. | Piracicaba, SP (Brasil): |
| Data da publicação, distribuição, etc. | 1984. |
| 300 ## - DESCRIÇÃO FÍSICA | |
| Extensão | 142 p. |
| 500 ## - NOTA GERAL | |
| Nota geral | 25 tables; 6 graphs; Bibliography p. 118-133 (128 ref.) |
| 650 ## - ASSUNTO--TERMO TÓPICO | |
| Cabeçalho tópico ou nome geográfico | BERINJELA |
| 650 ## - ASSUNTO--TERMO TÓPICO | |
| Cabeçalho tópico ou nome geográfico | MURCHA DE VERTICILLIUM |
| 650 ## - ASSUNTO--TERMO TÓPICO | |
| Cabeçalho tópico ou nome geográfico | FUNGO |
| 650 ## - ASSUNTO--TERMO TÓPICO | |
| Cabeçalho tópico ou nome geográfico | HERANCA |
| 650 ## - ASSUNTO--TERMO TÓPICO | |
| Cabeçalho tópico ou nome geográfico | GENE |
| 650 ## - ASSUNTO--TERMO TÓPICO | |
| Cabeçalho tópico ou nome geográfico | VARIEDADE RESISTENTE |
| 909 ## - | |
| -- | 202309 |
| -- | Lucia |
| -- | 55 |
| -- | Lucia Elande |
| 942 ## - ELEMENTOS DE ENTRADA ADICIONADOS (KOHA) | |
| Tipo de material Koha | Livros |
| Situação do descarte | Fonte da classificação ou esquema de arquivamento na estante | Situação física | Não pode ser emprestado | Coleção | Biblioteca de origem | Biblioteca atual | Total de empréstimos | Número de telefone completo | Código de barras | Data de último acesso | Número do exemplar | Tipo de material Koha | Situação das perdas | Data de aquisição | Fonte de aquisição |
|---|---|---|---|---|---|---|---|---|---|---|---|---|---|---|---|
| Classificação AGRIS | Biblioteca Nacional de Agricultura - Binagri | Biblioteca Nacional de Agricultura - Binagri | 1830 BR8501239 | 1830 BR8501239 | 25/09/2023 | 01 | Livros | 2023-09-25 | Portaria Interministerial nº 164/94 |

BINAGRI